| 000 | 00525nam a2200193Ia 4500 | ||
|---|---|---|---|
| 005 | 20250326143244.0 | ||
| 008 | 250326s9999 xx 000 0 und d | ||
| 037 | _aTextbook | ||
| 040 |
_aFMSL _beng _cFMSL |
||
| 041 |
_aeng _2eng |
||
| 084 |
_aD658(2:55) P5 _qFMSL |
||
| 100 |
_aO'brien J A _9747718 |
||
| 245 | 0 |
_aInformation systems _cO'brien J A |
|
| 250 | _a15 | ||
| 260 |
_aNew Delhi _bNew Delhi, Tata McGraw hill _c2005 |
||
| 300 | _av | ||
| 942 |
_cTB _hD658(2:55) P5 |
||
| 999 |
_c1298799 _d1298799 |
||